| 000 | 00553nam a2200181 a 4500 | ||
|---|---|---|---|
| 005 | 20240920064359.0 | ||
| 008 | 991125s1970 ea 000 0 eng u | ||
| 035 | _aUPN01000021044 | ||
| 049 | _aCG | ||
| 050 | 4 |
_aLB1027 _bP6.3 |
|
| 100 | 1 |
_aPopham, W. James _929869 |
|
| 245 | 1 | 0 |
_aEstablishing instructional goals / _cW. James Popham, Eva L. Baker. |
| 260 |
_aEnglewood Cliffs, N.J. : _bPrentice-Hall, _c1970. |
||
| 300 |
_a130 p. : _bil. |
||
| 650 | 4 |
_aEducación _xFines y objetivos _94837 |
|
| 700 | 1 |
_aBaker, Eva L., _ecoaut. _932413 |
|
| 905 | _aLibro | ||
| 999 |
_c21044 _d21044 |
||